[Event "Nationale pupillendag 2017 - categorie G"]
[Site "Meppel"]
[Date "2017.06.17"]
[Round "4.1"]
[White "Maruška, Miika"]
[Black "Kazarjan, Gachatur"]
[Result "1/2-1/2"]
[BlackElo "892"]
[WhiteElo "651"]
[LiveChessVersion "1.4.8"]

1. e4 {[%clk 0:15:19]} e5 {[%clk 0:15:19]} 2. Nf3 {[%clk 0:15:28]} Nc6
{[%clk 0:15:28]} 3. Nc3 {[%clk 0:15:36]} Nf6 {[%clk 0:15:37]} 4. Bb5
{[%clk 0:15:44]} a6 {[%clk 0:15:46]} 5. Bxc6 {[%clk 0:15:53]} bxc6
{[%clk 0:15:52]} 6. O-O {[%clk 0:16:01]} d6 {[%clk 0:15:54]} 7. d3
{[%clk 0:16:09]} Bg4 {[%clk 0:16:03]} 8. Bg5 {[%clk 0:16:17]} h6 {[%clk 0:16:11]}
9. Bh4 {[%clk 0:16:24]} Be7 {[%clk 0:16:20]} 10. h3 {[%clk 0:16:31]} Bh5
{[%clk 0:16:28]} 11. Re1 {[%clk 0:16:23]} O-O {[%clk 0:16:35]} 12. d4
{[%clk 0:16:11]} exd4 {[%clk 0:16:39]} 13. Qxd4 {[%clk 0:16:18]} Bxf3
{[%clk 0:16:45]} 14. gxf3 {[%clk 0:16:24]} c5 {[%clk 0:16:52]} 15. Qc4
{[%clk 0:16:30]} Nd7 {[%clk 0:16:52]} 16. Nd5 {[%clk 0:16:03]} Bxh4
{[%clk 0:16:58]} 17. f4 {[%clk 0:15:40]} c6 {[%clk 0:16:55]} 18. Ne3
{[%clk 0:15:43]} Qf6 {[%clk 0:17:01]} 19. Nf5 {[%clk 0:15:32]} Qg6+
{[%clk 0:16:52]} 20. Kh1 {[%clk 0:15:29]} Rfe8 {[%clk 0:16:45]} 21. Rg1
{[%clk 0:15:21]} Qe6 {[%clk 0:16:32]} 22. Qc3 {[%clk 0:15:22]} Qxe4+
{[%clk 0:16:39]} 23. Kh2 {[%clk 0:15:26]} Qxf4+ {[%clk 0:16:33]} 24. Kh1
{[%clk 0:15:30]} Bf6 {[%clk 0:16:26]} 25. Rxg7+ {[%clk 0:15:31]} Kf8
{[%clk 0:16:30]} 26. Qg3 {[%clk 0:14:43]} Qxf5 {[%clk 0:16:30]} 27. Rg8+
{[%clk 0:14:41]} Ke7 {[%clk 0:16:37]} 28. Qe3+ {[%clk 0:14:46]} Ne5
{[%clk 0:16:30]} 29. Rxe8+ {[%clk 0:14:48]} Rxe8 {[%clk 0:16:38]} 30. f4
{[%clk 0:14:42]} Kd7 {[%clk 0:16:32]} 31. fxe5 {[%clk 0:14:43]} Rxe5
{[%clk 0:16:36]} 32. Qd3 {[%clk 0:14:34]} Qxd3 {[%clk 0:16:21]} 33. cxd3
{[%clk 0:14:42]} Rd5 {[%clk 0:16:28]} 34. Rf1 {[%clk 0:14:47]} Bxb2
{[%clk 0:16:32]} 35. Rxf7+ {[%clk 0:14:55]} Ke6 {[%clk 0:16:40]} 36. Rf2
{[%clk 0:15:01]} Bc3 {[%clk 0:16:41]} 37. Re2+ {[%clk 0:15:09]} Re5
{[%clk 0:16:49]} 38. Rxe5+ {[%clk 0:15:18]} dxe5 {[%clk 0:16:57]} 39. Kg2
{[%clk 0:15:26]} Kd5 {[%clk 0:17:02]} 40. Kf3 {[%clk 0:15:34]} c4
{[%clk 0:17:11]} 41. dxc4+ Kxc4 {[%clk 0:17:20]} 42. Ke2 {[%clk 0:15:52]} c5
{[%clk 0:17:27]} 43. Kd1 {[%clk 0:16:00]} a5 {[%clk 0:17:36]} 44. Kc2
{[%clk 0:16:09]} a4 {[%clk 0:17:45]} 45. h4 {[%clk 0:16:11]} e4 {[%clk 0:17:52]}
46. Kd1 {[%clk 0:16:18]} e3 {[%clk 0:18:01]} 47. Ke2 {[%clk 0:16:26]} Bd2
{[%clk 0:18:10]} 48. h5 {[%clk 0:16:31]} Kc3 {[%clk 0:18:18]} 49. Kd1
{[%clk 0:16:31]} Kb2 {[%clk 0:18:22]} 50. Ke2 {[%clk 0:16:38]} c4
{[%clk 0:18:29]} 51. Kd1 {[%clk 0:16:45]} c3 {[%clk 0:18:37]} 52. Ke2
{[%clk 0:16:53]} c2 {[%clk 0:18:46]} 53. Kd3 {[%clk 0:17:01]} c1=N+
{[%clk 0:18:50]} 54. Kc4 {[%clk 0:17:08]} e2 {[%clk 0:18:57]} 55. Kb5
{[%clk 0:17:15]} e1=Q 56. Kxa4 {[%clk 0:17:22]} Qe4+ {[%clk 0:19:09]} 57. Kb5
Qb4+ {[%clk 0:19:11]} 58. Ka6 {[%clk 0:17:39]} Qb8 {[%clk 0:19:17]} 1/2-1/2

[Event "Nationale pupillendag 2017 - categorie G"]
[Site "Meppel"]
[Date "2017.06.17"]
[Round "4.3"]
[White "Madularea, David"]
[Black "Katsarov, Robert"]
[Result "0-1"]
[BlackElo "646"]
[WhiteElo "697"]
[LiveChessVersion "1.4.8"]

1. e4 {[%clk 0:15:19]} c6 {[%clk 0:15:19]} 2. d4 {[%clk 0:15:26]} d5
{[%clk 0:15:27]} 3. exd5 {[%clk 0:15:26]} cxd5 {[%clk 0:15:36]} 4. Bf4
{[%clk 0:15:26]} Nc6 {[%clk 0:15:42]} 5. Nf3 {[%clk 0:15:32]} Nf6
{[%clk 0:15:49]} 6. Bb5 {[%clk 0:15:38]} Bg4 {[%clk 0:15:56]} 7. h3
{[%clk 0:15:45]} Bh5 {[%clk 0:16:03]} 8. g4 {[%clk 0:15:52]} Bg6 {[%clk 0:16:11]}
9. g5 {[%clk 0:15:56]} Ne4 {[%clk 0:16:07]} 10. Nc3 {[%clk 0:15:59]} Nxc3
{[%clk 0:16:14]} 11. bxc3 {[%clk 0:16:06]} e6 {[%clk 0:16:16]} 12. Qd2
{[%clk 0:16:03]} Ba3 {[%clk 0:16:10]} 13. Rb1 {[%clk 0:16:03]} O-O
{[%clk 0:16:14]} 14. Rb3 {[%clk 0:16:05]} Be7 {[%clk 0:16:15]} 15. Bxc6
{[%clk 0:16:09]} bxc6 {[%clk 0:16:20]} 16. O-O {[%clk 0:16:11]} Qd7
{[%clk 0:16:15]} 17. Rfb1 {[%clk 0:16:10]} e5 {[%clk 0:15:50]} 18. Bxe5
{[%clk 0:15:55]} Qxh3 {[%clk 0:15:48]} 19. Nh2 {[%clk 0:15:48]} Be4
{[%clk 0:15:45]} 20. f3 {[%clk 0:15:45]} Bxf3 {[%clk 0:15:28]} 21. Nxf3
{[%clk 0:15:44]} Qxf3 {[%clk 0:15:31]} 22. Qf2 {[%clk 0:15:44]} Qxf2+
{[%clk 0:15:38]} 23. Kxf2 {[%clk 0:15:52]} f6 {[%clk 0:15:30]} 24. gxf6
{[%clk 0:15:57]} Bxf6 {[%clk 0:15:37]} 25. Bg3 {[%clk 0:15:42]} Bxd4+
{[%clk 0:15:29]} 26. Ke2 {[%clk 0:15:39]} Bb6 {[%clk 0:15:33]} 27. a4
{[%clk 0:15:42]} Bc5 {[%clk 0:14:43]} 28. c4 {[%clk 0:15:29]} dxc4
{[%clk 0:14:45]} 29. Rc3 {[%clk 0:15:36]} Rae8+ {[%clk 0:14:15]} 30. Kd2
{[%clk 0:15:25]} Bf2 {[%clk 0:13:48]} 31. Bd6 {[%clk 0:15:16]} Rd8
{[%clk 0:13:38]} 32. Rxc4 {[%clk 0:15:14]} Rxd6+ {[%clk 0:13:40]} 33. Kc3
{[%clk 0:15:15]} c5 {[%clk 0:13:40]} 34. a5 {[%clk 0:15:12]} Bd4+
{[%clk 0:13:40]} 35. Kb3 {[%clk 0:15:14]} Rf3+ {[%clk 0:13:36]} 36. c3
{[%clk 0:15:07]} Bf2 {[%clk 0:13:24]} 37. Rb2 {[%clk 0:14:49]} h5
{[%clk 0:13:18]} 38. Re4 {[%clk 0:14:36]} Rdf6 {[%clk 0:12:59]} 39. Rb1
{[%clk 0:13:58]} Rh3 {[%clk 0:12:30]} 40. Ka2 {[%clk 0:13:59]} Rh2
{[%clk 0:12:18]} 41. Re5 {[%clk 0:13:58]} Bg3+ {[%clk 0:12:21]} 42. Ka1
{[%clk 0:12:18]} Bxe5 {[%clk 0:12:27]} 43. Rc1 {[%clk 0:12:24]} Rff2
{[%clk 0:12:30]} 44. Rc2 {[%clk 0:11:41]} Rxc2 {[%clk 0:12:33]} 45. Kb1
{[%clk 0:11:49]} Rcg2 {[%clk 0:12:39]} 46. c4 {[%clk 0:11:56]} Rg1# 0-1

[Event "Nationale pupillendag 2017 - categorie G"]
[Site "Meppel"]
[Date "2017.06.17"]
[Round "4.4"]
[White "Koolhoven, Giovanni"]
[Black "Paulzen, Yuko"]
[Result "0-1"]
[BlackElo "708"]
[WhiteElo "409"]
[LiveChessVersion "1.4.8"]

1. e4 {[%clk 0:15:18]} e5 {[%clk 0:15:18]} 2. Nf3 {[%clk 0:15:26]} Nc6
{[%clk 0:15:26]} 3. Bc4 {[%clk 0:15:33]} Bc5 {[%clk 0:15:24]} 4. O-O
{[%clk 0:15:37]} Nf6 {[%clk 0:15:32]} 5. Nc3 {[%clk 0:15:44]} O-O
{[%clk 0:15:38]} 6. d3 {[%clk 0:15:37]} h6 {[%clk 0:15:43]} 7. Be3
{[%clk 0:15:40]} Bxe3 {[%clk 0:15:44]} 8. fxe3 {[%clk 0:15:48]} d6
{[%clk 0:15:51]} 9. h3 {[%clk 0:15:53]} Qe8 {[%clk 0:15:38]} 10. d4
{[%clk 0:15:58]} exd4 {[%clk 0:15:31]} 11. exd4 {[%clk 0:16:06]} Nxe4
{[%clk 0:15:03]} 12. Nxe4 {[%clk 0:16:10]} Qxe4 {[%clk 0:15:10]} 13. Re1
{[%clk 0:16:09]} Qf5 {[%clk 0:15:00]} 14. Nh4 {[%clk 0:15:41]} Qf6
{[%clk 0:14:57]} 15. Rf1 {[%clk 0:15:42]} Qxh4 {[%clk 0:14:50]} 16. Qe2
{[%clk 0:15:25]} Qxd4+ {[%clk 0:14:47]} 17. Rf2 {[%clk 0:15:20]} Qxb2
{[%clk 0:14:42]} 18. Re1 {[%clk 0:15:15]} Bd7 {[%clk 0:14:26]} 19. Ref1
{[%clk 0:14:43]} Qd4 20. Qh5 {[%clk 0:13:39]} Ne5 {[%clk 0:13:21]} 21. Bb3
{[%clk 0:13:38]} Bb5 {[%clk 0:12:53]} 22. Re1 {[%clk 0:13:28]} Bd3
{[%clk 0:12:42]} 23. cxd3 {[%clk 0:13:25]} Nxd3 {[%clk 0:12:30]} 24. Bxf7+
{[%clk 0:13:06]} Rxf7 {[%clk 0:12:36]} 25. Qxf7+ {[%clk 0:13:06]} Kh8
{[%clk 0:12:32]} 26. Re7 {[%clk 0:12:45]} Nxf2 {[%clk 0:12:27]} 27. Qf5
{[%clk 0:12:00]} Ng4+ {[%clk 0:12:19]} 28. Kh1 {[%clk 0:11:43]} Qd1+
{[%clk 0:12:22]} 29. Re1 {[%clk 0:11:30]} Qxe1+ {[%clk 0:12:28]} 30. Qf1
{[%clk 0:11:32]} Qxf1# {[%clk 0:12:34]} 0-1

[Event "Nationale pupillendag 2017 - categorie G"]
[Site "Meppel"]
[Date "2017.06.17"]
[Round "5.1"]
[White "Kazarjan, Gachatur"]
[Black "Jakhari, Ansh"]
[Result "0-1"]
[BlackElo "800"]
[WhiteElo "892"]
[LiveChessVersion "1.4.8"]

1. e4 {[%clk 0:15:19]} c5 {[%clk 0:15:15]} 2. Nf3 {[%clk 0:15:27]} d6
{[%clk 0:15:15]} 3. Nc3 {[%clk 0:15:33]} Nf6 {[%clk 0:15:17]} 4. Bc4
{[%clk 0:15:36]} e6 {[%clk 0:15:16]} 5. h3 {[%clk 0:15:35]} Be7 {[%clk 0:15:15]}
6. d3 {[%clk 0:15:37]} Bd7 {[%clk 0:14:58]} 7. a3 {[%clk 0:15:29]} Nc6
{[%clk 0:15:03]} 8. b4 {[%clk 0:15:27]} cxb4 {[%clk 0:15:04]} 9. axb4
{[%clk 0:15:32]} Nxb4 {[%clk 0:14:57]} 10. Rb1 {[%clk 0:15:27]} a5
{[%clk 0:15:00]} 11. Ba3 {[%clk 0:15:30]} d5 {[%clk 0:14:45]} 12. exd5
{[%clk 0:15:32]} exd5 {[%clk 0:14:51]} 13. Bxb4 {[%clk 0:15:17]} dxc4
{[%clk 0:14:17]} 14. Bxe7 {[%clk 0:15:21]} Qxe7+ {[%clk 0:14:22]} 15. Qe2
{[%clk 0:15:29]} Qxe2+ {[%clk 0:14:03]} 16. Nxe2 {[%clk 0:15:37]} b5
{[%clk 0:14:05]} 17. dxc4 {[%clk 0:15:42]} bxc4 {[%clk 0:14:12]} 18. O-O
{[%clk 0:15:47]} O-O {[%clk 0:14:13]} 19. c3 {[%clk 0:15:45]} Bf5
{[%clk 0:14:07]} 20. Ra1 {[%clk 0:15:49]} Bd3 {[%clk 0:14:13]} 21. Rfe1
{[%clk 0:15:56]} Rfe8 {[%clk 0:14:06]} 22. Nfd4 {[%clk 0:15:57]} a4
{[%clk 0:13:45]} 23. Ra3 {[%clk 0:15:24]} Reb8 {[%clk 0:13:28]} 24. Nf4
{[%clk 0:15:14]} Ne4 {[%clk 0:12:34]} 25. f3 {[%clk 0:15:08]} Nd6
{[%clk 0:12:35]} 26. Nxd3 {[%clk 0:15:11]} cxd3 {[%clk 0:12:43]} 27. Rd1
{[%clk 0:15:18]} Nc4 {[%clk 0:12:40]} 28. Ra2 {[%clk 0:15:12]} d2
{[%clk 0:12:48]} 29. Nc6 {[%clk 0:15:05]} Rb6 {[%clk 0:12:20]} 30. Ne7+
{[%clk 0:15:03]} Kf8 {[%clk 0:12:14]} 31. Nd5 {[%clk 0:15:10]} Rd6
{[%clk 0:12:16]} 32. Nb4 {[%clk 0:14:42]} Rad8 {[%clk 0:12:03]} 33. Kf2
{[%clk 0:14:39]} a3 {[%clk 0:11:57]} 34. Ke2 {[%clk 0:14:05]} Re6+
{[%clk 0:11:47]} 35. Kf2 {[%clk 0:14:02]} Rde8 {[%clk 0:11:25]} 36. Nd3
{[%clk 0:13:54]} Re2+ {[%clk 0:11:22]} 37. Kg3 {[%clk 0:13:56]} R8e3
{[%clk 0:11:21]} 38. Nf4 {[%clk 0:13:21]} Re1 {[%clk 0:11:27]} 39. Raa1
{[%clk 0:12:24]} Rxd1 {[%clk 0:11:35]} 40. Rxd1 {[%clk 0:12:29]} Re1
{[%clk 0:11:44]} 41. Rxd2 {[%clk 0:12:08]} Nxd2 {[%clk 0:11:51]} 42. Nd3
{[%clk 0:12:14]} a2 {[%clk 0:11:51]} 43. c4 {[%clk 0:11:54]} a1=Q 44. Nf2
{[%clk 0:11:39]} Qe5+ {[%clk 0:12:07]} 45. f4 {[%clk 0:11:35]} Qc3+
{[%clk 0:12:15]} 46. Kg4 {[%clk 0:11:39]} Qxc4 {[%clk 0:12:23]} 47. g3
{[%clk 0:11:42]} Qe6+ {[%clk 0:12:26]} 48. f5 {[%clk 0:11:44]} Qc4+
{[%clk 0:12:25]} 49. Kh5 {[%clk 0:11:47]} Ne4 {[%clk 0:12:15]} 50. Ng4
{[%clk 0:11:19]} Nf6+ {[%clk 0:12:20]} 51. Kh4 {[%clk 0:11:25]} Re4
{[%clk 0:12:09]} 52. Kg5 {[%clk 0:11:18]} h6+ {[%clk 0:12:12]} 53. Kh4
{[%clk 0:11:25]} g5# 54. fxg6 Nxg4 {[%clk 0:12:09]} 55. hxg4 {[%clk 0:11:17]}
Rxg4+ {[%clk 0:12:18]} 56. Kh3 {[%clk 0:11:16]} Rxg6 {[%clk 0:12:27]} 57. Kh2
{[%clk 0:11:21]} Qe2+ {[%clk 0:12:35]} 58. Kh3 {[%clk 0:11:30]} Qf3
{[%clk 0:12:42]} 59. Kh2 {[%clk 0:11:39]} Qxg3+ {[%clk 0:12:51]} 60. Kh1
{[%clk 0:11:48]} Qg2# {[%clk 0:12:49]} 0-1

[Event "Nationale pupillendag 2017 - categorie G"]
[Site "Meppel"]
[Date "2017.06.17"]
[Round "5.2"]
[White "Katsarov, Robert"]
[Black "Maruška, Miika"]
[Result "1-0"]
[BlackElo "651"]
[WhiteElo "646"]
[LiveChessVersion "1.4.8"]

1. e4 {[%clk 0:15:18]} e5 {[%clk 0:15:19]} 2. Nf3 {[%clk 0:15:27]} Nc6
{[%clk 0:15:28]} 3. Bb5 {[%clk 0:15:34]} Nf6 {[%clk 0:15:36]} 4. O-O
{[%clk 0:15:42]} d6 {[%clk 0:15:45]} 5. Nc3 {[%clk 0:15:49]} Bd7 {[%clk 0:15:54]}
6. d3 {[%clk 0:15:58]} Be7 {[%clk 0:16:00]} 7. Bg5 {[%clk 0:16:06]} O-O
{[%clk 0:16:08]} 8. Re1 {[%clk 0:16:14]} d5 {[%clk 0:16:08]} 9. exd5
{[%clk 0:16:20]} Nd4 {[%clk 0:16:06]} 10. Bxd7 {[%clk 0:16:10]} Qxd7
{[%clk 0:16:13]} 11. Nxe5 {[%clk 0:15:52]} Qd6 {[%clk 0:15:38]} 12. Nc4
{[%clk 0:15:57]} Qd7 {[%clk 0:15:41]} 13. d6 {[%clk 0:15:51]} cxd6
{[%clk 0:15:27]} 14. Na3 {[%clk 0:15:22]} h6 {[%clk 0:15:10]} 15. Bh4
{[%clk 0:15:23]} Rad8 {[%clk 0:14:28]} 16. Qd2 {[%clk 0:15:21]} Ne6
{[%clk 0:14:23]} 17. Ne4 {[%clk 0:15:23]} Nxe4 {[%clk 0:14:25]} 18. Rxe4 d5 19.
Bxe7 {[%clk 0:15:25]} dxe4 {[%clk 0:14:18]} 20. Bxd8 {[%clk 0:15:28]} Qxd8
{[%clk 0:14:26]} 21. Rd1 {[%clk 0:15:16]} Re8 {[%clk 0:14:13]} 22. dxe4
{[%clk 0:15:22]} Qxd2 {[%clk 0:14:21]} 23. Rxd2 {[%clk 0:15:28]} Nf4
{[%clk 0:14:26]} 24. h3 {[%clk 0:15:14]} Rxe4 {[%clk 0:14:30]} 25. Rd8+
{[%clk 0:14:57]} Kh7 {[%clk 0:14:31]} 26. Rd1 {[%clk 0:15:01]} Ne2+
{[%clk 0:14:32]} 27. Kh2 {[%clk 0:14:56]} Rb4 {[%clk 0:14:21]} 28. Re1
{[%clk 0:14:38]} Nd4 {[%clk 0:14:26]} 1-0

[Event "Nationale pupillendag 2017 - categorie G"]
[Site "Meppel"]
[Date "2017.06.17"]
[Round "5.3"]
[White "Paulzen, Yuko"]
[Black "Eikelenboom, Jeanette"]
[Result "1-0"]
[BlackElo "269"]
[WhiteElo "708"]
[LiveChessVersion "1.4.8"]

1. d4 {[%clk 0:15:20]} e6 {[%clk 0:15:18]} 2. Nc3 {[%clk 0:15:25]} Nc6
{[%clk 0:15:24]} 3. Nf3 {[%clk 0:15:33]} Nf6 {[%clk 0:15:32]} 4. Bf4
{[%clk 0:15:37]} Bb4 {[%clk 0:15:34]} 5. e3 {[%clk 0:15:40]} Bxc3+
{[%clk 0:15:42]} 6. bxc3 {[%clk 0:15:46]} O-O {[%clk 0:15:42]} 7. Bb5
{[%clk 0:15:46]} Ne4 {[%clk 0:15:19]} 8. Qd3 {[%clk 0:15:48]} d5 {[%clk 0:15:26]}
9. Bxc6 {[%clk 0:15:48]} bxc6 {[%clk 0:15:35]} 10. Ne5 {[%clk 0:15:49]} Nd6
{[%clk 0:15:20]} 11. Nxc6 {[%clk 0:15:49]} Qd7 {[%clk 0:15:20]} 12. Bxd6
{[%clk 0:15:45]} Qxd6 {[%clk 0:15:29]} 13. Ne5 {[%clk 0:15:51]} Qa3
{[%clk 0:15:32]} 14. O-O {[%clk 0:15:52]} Qd6 {[%clk 0:15:21]} 15. h3
{[%clk 0:14:56]} Qe7 {[%clk 0:15:09]} 16. Nf3 {[%clk 0:14:49]} Qd6
{[%clk 0:14:52]} 17. Ng5 {[%clk 0:14:42]} Ba6 18. Qxh7# Qd8 1-0

[Event "Nationale pupillendag 2017 - categorie G"]
[Site "Meppel"]
[Date "2017.06.17"]
[Round "5.4"]
[White "Van Loon, Joost"]
[Black "De Vreugt Pezo, Max"]
[Result "0-1"]
[BlackElo "612"]
[WhiteElo "560"]
[LiveChessVersion "1.4.8"]

1. e4 {[%clk 0:15:19]} e5 {[%clk 0:15:20]} 2. Bc4 {[%clk 0:15:26]} Nc6
{[%clk 0:15:28]} 3. Qh5 {[%clk 0:15:31]} Qf6 {[%clk 0:15:36]} 4. Nc3
{[%clk 0:15:36]} Bc5 {[%clk 0:15:43]} 5. Nd5 {[%clk 0:15:43]} Qxf2+
{[%clk 0:15:42]} 6. Kd1 {[%clk 0:15:50]} Qxg2 {[%clk 0:15:28]} 7. Nxc7+
{[%clk 0:15:55]} Kd8 {[%clk 0:15:30]} 8. Nxa8 {[%clk 0:16:00]} Qg6
{[%clk 0:15:29]} 9. Qh4+ {[%clk 0:16:02]} Be7 {[%clk 0:15:37]} 10. Qf2
{[%clk 0:15:54]} Qh5+ {[%clk 0:15:40]} 11. Nf3 {[%clk 0:16:01]} d6
{[%clk 0:15:41]} 12. Qg2 {[%clk 0:15:56]} Bg4 {[%clk 0:15:43]} 13. h3
{[%clk 0:15:58]} Bxf3+ {[%clk 0:15:51]} 14. Qxf3 {[%clk 0:15:56]} Qxf3+
{[%clk 0:16:09]} 15. Ke1 {[%clk 0:16:03]} Qxh1+ {[%clk 0:16:16]} 16. Ke2
{[%clk 0:16:12]} Nd4+ {[%clk 0:16:25]} 17. Kd3 {[%clk 0:16:10]} Qf3#
{[%clk 0:16:28]} 0-1

[Event "Nationale pupillendag 2017 - categorie G"]
[Site "Meppel"]
[Date "2017.06.17"]
[Round "6.1"]
[White "Jakhari, Ansh"]
[Black "Paulzen, Yuko"]
[Result "1/2-1/2"]
[BlackElo "708"]
[WhiteElo "800"]
[LiveChessVersion "1.4.8"]

1. Nf3 {[%clk 0:15:12]} Nc6 {[%clk 0:15:07]} 2. d4 {[%clk 0:15:15]} d5
{[%clk 0:15:12]} 3. Nc3 {[%clk 0:15:15]} Nf6 {[%clk 0:15:11]} 4. Bf4
{[%clk 0:15:20]} Bf5 {[%clk 0:15:06]} 5. a3 {[%clk 0:15:24]} a6 {[%clk 0:14:56]}
6. e3 {[%clk 0:15:23]} Bg4 {[%clk 0:14:54]} 7. Be2 {[%clk 0:15:28]} e6
{[%clk 0:14:57]} 8. Ne5 {[%clk 0:15:26]} Bxe2 {[%clk 0:14:26]} 9. Qxe2
{[%clk 0:15:29]} Nxe5 {[%clk 0:14:22]} 10. Bxe5 {[%clk 0:15:31]} Bd6
{[%clk 0:14:11]} 11. O-O {[%clk 0:15:28]} Bxe5 {[%clk 0:14:01]} 12. dxe5
{[%clk 0:15:36]} Ne4 {[%clk 0:14:04]} 13. Nxe4 {[%clk 0:15:40]} dxe4
{[%clk 0:14:10]} 14. Rad1 {[%clk 0:15:46]} Qe7 {[%clk 0:14:07]} 15. f3
{[%clk 0:15:37]} exf3 {[%clk 0:13:50]} 16. Rxf3 {[%clk 0:15:24]} O-O
{[%clk 0:13:56]} 17. Rg3 {[%clk 0:15:23]} Qc5 {[%clk 0:12:17]} 18. Qh5
{[%clk 0:12:42]} Qxc2 {[%clk 0:11:16]} 19. Qg4 {[%clk 0:11:36]} Qg6
{[%clk 0:11:15]} 20. Qe2 {[%clk 0:11:25]} Qf5 {[%clk 0:11:13]} 21. Rd4
{[%clk 0:09:59]} Rad8 {[%clk 0:09:47]} 22. Rdg4 {[%clk 0:09:24]} Qb1+
{[%clk 0:09:42]} 23. Kf2 {[%clk 0:09:10]} Qf5+ {[%clk 0:09:42]} 24. Qf3
{[%clk 0:08:48]} Qxf3+ {[%clk 0:09:51]} 25. Kxf3 {[%clk 0:08:53]} g6
{[%clk 0:09:57]} 26. Ke4 1/2-1/2

[Event "Nationale pupillendag 2017 - categorie G"]
[Site "Meppel"]
[Date "2017.06.17"]
[Round "6.2"]
[White "Dirksen, Reiko"]
[Black "Katsarov, Robert"]
[Result "0-1"]
[BlackElo "646"]
[WhiteElo "427"]
[LiveChessVersion "1.4.8"]

1. e4 {[%clk 0:15:20]} c6 {[%clk 0:15:19]} 2. Nf3 {[%clk 0:15:27]} d5
{[%clk 0:15:28]} 3. exd5 {[%clk 0:15:34]} cxd5 {[%clk 0:15:36]} 4. Nc3
{[%clk 0:15:41]} Nf6 {[%clk 0:15:42]} 5. Bd3 {[%clk 0:15:48]} Nc6
{[%clk 0:15:50]} 6. O-O {[%clk 0:15:55]} Bg4 {[%clk 0:15:58]} 7. Qe1
{[%clk 0:15:59]} Bxf3 {[%clk 0:16:06]} 8. Qe3 {[%clk 0:15:55]} Bg4
{[%clk 0:15:58]} 9. f3 {[%clk 0:16:03]} Bd7 {[%clk 0:16:05]} 10. Re1
{[%clk 0:16:11]} e6 {[%clk 0:16:13]} 11. Bb5 {[%clk 0:16:05]} Bb4
{[%clk 0:16:19]} 12. Bxc6 {[%clk 0:16:12]} bxc6 {[%clk 0:16:25]} 13. a3
{[%clk 0:16:05]} Bxc3 {[%clk 0:16:23]} 14. bxc3 {[%clk 0:16:12]} O-O
{[%clk 0:16:29]} 15. d3 {[%clk 0:16:18]} Rb8 {[%clk 0:16:14]} 16. Qf2
{[%clk 0:16:23]} Re8 {[%clk 0:16:09]} 17. Qg3 {[%clk 0:16:28]} Rc8
{[%clk 0:16:03]} 18. Bh6 {[%clk 0:16:35]} Ng4 19. Qxg4 {[%clk 0:16:33]} g6
{[%clk 0:15:42]} 20. Re5 {[%clk 0:16:32]} 0-1

[Event "Nationale pupillendag 2017 - categorie G"]
[Site "Meppel"]
[Date "2017.06.17"]
[Round "6.3"]
[White "De Vreugt Pezo, Max"]
[Black "Nguyen, Le Phong"]
[Result "1-0"]
[BlackElo "657"]
[WhiteElo "612"]
[LiveChessVersion "1.4.8"]

1. e4 {[%clk 0:15:19]} c5 {[%clk 0:15:18]} 2. Nf3 {[%clk 0:15:27]} e6
{[%clk 0:15:25]} 3. Nc3 {[%clk 0:15:35]} Nf6 {[%clk 0:15:33]} 4. e5
{[%clk 0:15:43]} Nd5 {[%clk 0:15:35]} 5. Nxd5 {[%clk 0:15:47]} exd5
{[%clk 0:15:43]} 6. Bb5 {[%clk 0:15:45]} Nc6 {[%clk 0:15:49]} 7. d3
{[%clk 0:15:54]} a6 {[%clk 0:15:56]} 8. Bxc6 {[%clk 0:16:02]} dxc6
{[%clk 0:16:01]} 9. c3 {[%clk 0:16:07]} Bg4 {[%clk 0:16:07]} 10. h3
{[%clk 0:16:10]} Bxf3 {[%clk 0:16:12]} 11. Qxf3 {[%clk 0:16:18]} Qe7
{[%clk 0:16:12]} 12. Qf4 {[%clk 0:16:18]} f6 {[%clk 0:16:01]} 13. d4
{[%clk 0:16:10]} cxd4 {[%clk 0:16:08]} 14. cxd4 {[%clk 0:16:18]} fxe5
{[%clk 0:16:08]} 15. dxe5 {[%clk 0:16:26]} Qb4+ {[%clk 0:15:58]} 16. Qxb4
{[%clk 0:16:27]} Bxb4+ {[%clk 0:16:06]} 17. Bd2 {[%clk 0:16:36]} Bxd2+
{[%clk 0:16:13]} 18. Kxd2 {[%clk 0:16:45]} Ke7 {[%clk 0:16:21]} 19. Rhe1
{[%clk 0:16:53]} Ke6 {[%clk 0:16:30]} 20. f4 {[%clk 0:17:01]} Rhe8
{[%clk 0:16:38]} 21. g3 {[%clk 0:17:10]} Kf5 {[%clk 0:16:42]} 22. Kd3
{[%clk 0:17:11]} Re7 {[%clk 0:16:50]} 23. Kd4 {[%clk 0:17:19]} Rae8
{[%clk 0:16:58]} 24. Rad1 {[%clk 0:17:24]} g6 {[%clk 0:16:59]} 25. Rd2
{[%clk 0:17:33]} b5 {[%clk 0:17:03]} 26. Rde2 {[%clk 0:17:42]} Re6
{[%clk 0:17:01]} 27. b3 {[%clk 0:17:30]} h6 {[%clk 0:16:50]} 28. a3
{[%clk 0:17:39]} a5 {[%clk 0:16:58]} 29. Re3 {[%clk 0:17:47]} g5 {[%clk 0:17:01]}
30. fxg5 {[%clk 0:17:53]} hxg5 31. Rf1+ {[%clk 0:17:52]} Kg6 {[%clk 0:17:13]} 32.
h4 {[%clk 0:17:52]} gxh4 {[%clk 0:17:13]} 33. gxh4 {[%clk 0:18:01]} Kh5
{[%clk 0:17:21]} 34. Rh1 {[%clk 0:18:07]} a4 {[%clk 0:17:09]} 35. b4
{[%clk 0:18:08]} R8e7 {[%clk 0:17:12]} 36. Rh2 {[%clk 0:17:59]} Re8
{[%clk 0:17:17]} 37. Rhh3 {[%clk 0:18:06]} Kg4 {[%clk 0:17:11]} 38. h5
{[%clk 0:18:08]} Kf5 {[%clk 0:17:15]} 39. h6 {[%clk 0:18:02]} Kg6
{[%clk 0:17:11]} 40. h7 {[%clk 0:18:00]} Kg7 {[%clk 0:17:19]} 41. Re2
{[%clk 0:18:06]} R6e7 {[%clk 0:17:26]} 42. Reh2 {[%clk 0:18:07]} Rh8
{[%clk 0:17:21]} 43. Rh5 {[%clk 0:18:05]} Kf8 {[%clk 0:17:25]} 44. Kc5
{[%clk 0:18:10]} Rc7 {[%clk 0:17:33]} 45. Kd6 {[%clk 0:18:14]} Rcxh7
{[%clk 0:17:36]} 46. Rxh7 {[%clk 0:18:22]} Rxh7 {[%clk 0:17:40]} 47. Rxh7
{[%clk 0:18:31]} Kg8 {[%clk 0:17:48]} 48. Rh3 {[%clk 0:18:34]} Kg7
{[%clk 0:17:52]} 49. Kd7 {[%clk 0:18:40]} Kf7 {[%clk 0:17:56]} 50. e6+
{[%clk 0:18:49]} Kf8 {[%clk 0:18:04]} 51. e7+ {[%clk 0:18:57]} Kf7
{[%clk 0:18:10]} 52. e8=Q+ {[%clk 0:19:03]} Kf6 {[%clk 0:18:16]} 53. Rh5
{[%clk 0:19:05]} Kg7 {[%clk 0:18:19]} 54. Qe6 {[%clk 0:19:12]} d4
{[%clk 0:18:25]} 55. Rf5 {[%clk 0:19:18]} Kh8 {[%clk 0:18:21]} 56. Qe7
{[%clk 0:19:24]} Kg8 {[%clk 0:18:28]} 57. Rf8# {[%clk 0:19:32]} 1-0